Parasitology and parasitic diseases of livestock / (Record no. 100288)
[ view plain ]
| 000 -LEADER | |
|---|---|
| fixed length control field | 00599cam9a220018100 4500 |
| 005 - DATE AND TIME OF LATEST TRANSACTION | |
| control field | 20190819100038.0 |
| 008 - FIXED-LENGTH DATA ELEMENTS--GENERAL INFORMATION | |
| fixed length control field | 001120 |
| 035 ## - SYSTEM CONTROL NUMBER | |
| System control number | (Sirsi) a143350 |
| 050 #0 - LIBRARY OF CONGRESS CALL NUMBER | |
| Classification number | SF810 |
| Item number | Par 1956 |
| 245 10 - TITLE STATEMENT | |
| Title | Parasitology and parasitic diseases of livestock / |
| Statement of responsibility, etc. | edited by V. S. Ershov |
| 260 ## - PUBLICATION, DISTRIBUTION, ETC. | |
| Place of publication, distribution, etc. | Moscow : |
| Name of publisher, distributor, etc. | State Publishing House, |
| Date of publication, distribution, etc. | 1956. |
| 350 ## - PRICE (NR) (BK AM CF MU VM SE) [OBSOLETE] | |
| Price | 25 |
| 500 ## - GENERAL NOTE | |
| General note | Title of Russian origin |
| 650 #0 - SUBJECT ADDED ENTRY--TOPICAL TERM | |
| Topical term or geographic name entry element | Veterinary parasitology |
| Linkage | S72.1 |
| 650 #0 - SUBJECT ADDED ENTRY--TOPICAL TERM | |
| Topical term or geographic name entry element | Animals -- Diseases |
| General subdivision | Animals -- Diseases |
| Linkage | S79.4 |
| 700 00 - ADDED ENTRY--PERSONAL NAME | |
| Personal name | Ershov, V.S. |
| Linkage | A113611.1 |
| 700 00 - ADDED ENTRY--PERSONAL NAME | |
| Personal name | Birron, A. |
| Linkage | A113612.1 |
No items available.